| 000 | 00458nmm a2200157Ia 4500 | ||
|---|---|---|---|
| 008 | 251105s9999||||xx |||||||||||||||||und|| | ||
| 020 | _a9789878381930 | ||
| 041 | _aspa | ||
| 100 | _aSchwartsmann, Gilberto | ||
| 245 | 0 | _aMax y los demonios | |
| 264 |
_a[Buenos Aires, Argentina] : _bEditorial Leviatán, _c2022 |
||
| 300 | _a544 páginas | ||
| 650 | _aLatin American narrative | ||
| 856 | _uhttps://public.digitaliapublishing.com/a/133972 | ||
| 942 | _cCF | ||
| 999 |
_c97717 _d97717 |
||